| 000 | 00986nam a2200253 a 4500 | ||
|---|---|---|---|
| 001 | 83772 | ||
| 003 | BD-RjUL | ||
| 005 | 20240519104928.0 | ||
| 008 | 240519s1995 bg a|||| m||| 00| 0 eng d | ||
| 035 | _a(BD-RjUL)83772 | ||
| 040 |
_aBD-RjUL _beng _cBD-RjUL _dBD-RjUL |
||
| 041 | _aeng | ||
| 082 |
_223 _a595.42 _bHAB 1995 |
||
| 100 | _aHaque, Mohd. Mainul | ||
| 245 | 1 | 0 |
_aBioecology of Bend and Guava Infesting Eriophyid Mite (Acarina) : _bEriophyoidea of Rajshahi / _cBy Mohd. Mainul Haque ; _6Supervisor : M. Khalequzzaman, Supervisor : Bidhan Chandra Das |
| 260 |
_aRajshahi : _bDepartment of Zoology, University of Rajshahi, _c1995 |
||
| 300 |
_a[7], ii, 233 Leaves : _bill, ; _c29 cm. |
||
| 502 | _aThesis (Ph. D.) -- Department of Zoology, University of Rajshahi, 1995 | ||
| 504 | _aReferences : Leaves [169]-189 | ||
| 650 |
_aArthropoda _vAcari _913066 |
||
| 700 |
_aKhalequzzaman, M. Supervisor _94602 |
||
| 700 |
_aDas, Bidhan Chandra, Supervisor _96370 |
||
| 942 |
_2ddc _cTHE |
||
| 999 |
_c83772 _d83772 |
||